Classic Doom general knowledge - Statistics

General Stats
  • This quiz has been taken 9 times
  • The average score is 7 of 15
Answer Stats
Hint Answer % Correct
What is the TRUE final boss of Doom II? John Romero
100%
What is Doom's Fifth episode, released in 2019? SIGIL / SI6IL
86%
How many traces does the BFG shoot? 40 Tracers
71%
Name one of the two brothers who created The Plutonia Experiment. Milo Casali / Dario Casali
71%
What common enemy cannot directly damage you? Pain Elemental
71%
What level does the revenant first appear in? Level 06: The Crusher
57%
What is the most powerful attack in the game? A telefrag
43%
What does the cheat code IDSPISPOPD do? Enables No clipping mode
43%
What Plutonia level is credited as the first slaughter map? Level 32: Go 2 It
43%
What level from TNT Evilution has the most enemies of any commercial Doom game? Level 27: Mount Pain
29%
What change does Nightmare! difficulty have that makes it so difficult? Respawning Monsters
29%
What is the chance the Icon of Sin spawns an Archvile? 0.78%
14%
What does SPISPOPD stand for? Smashing Pumpkins Into Small Piles of Putrid Debris
14%
How long does Berserk last? 3.9 Years
0%
The plasma rifle fires a shot every how many tics? 3 tics
0%
No matching quizzes found
Score Distribution
Percent of People with Each Score
Percentile by Number Answered
Your Score History
You have not taken this quiz